[Event "GER-ch Youth-B"]
[Site "Willingen"]
[Date "2022.06.08"]
[Round "5"]
[White "Kalina, Lena"]
[Black "Tornay, Aritz"]
[Result "1-0"]
[WhiteElo "1735"]
[BlackElo "1765"]
[PlyCount "109"]
[EventDate "2022.06.04"]
[EventType "swiss"]
[EventRounds "9"]
[EventCountry "GER"]
[SourceTitle "CBM 208 Extra"]
[Source "ChessBase"]
[SourceDate "2022.07.31"]
[SourceVersion "1"]
[SourceVersionDate "2022.07.31"]
[SourceQuality "1"]

1. d4 Nf6 2. c4 g6 3. Nf3 Bg7 4. g3 0-0 5. Bg2 d6 6. Nc3 Nc6 7. d5 Na5 8. Nd2 c5 9. Rb1 Nd7 10. Nce4 Nb6 11. b3 a6 12. Bb2 Bxb2 13. Rxb2 Rb8 14. 0-0 Bd7 15. Nc3 Na8 16. Qb1 b5 17. cxb5 axb5 18. b4 cxb4 19. Rxb4 Nc7 20. Nf3 Na6 21. Rh4 f6 22. Nd4 b4 23. Ne4 Nc5 24. Qc1 Rc8 25. Qh6 Rf7 26. Nxc5 dxc5 27. Nb3 Nxb3 28. axb3 Bb5 29. Re1 c4 30. Bh3 Bd7 31. Rxc4 Rxc4 32. bxc4 Bxh3 33. Qxh3 Qc7 34. Qg4 Rf8 35. Qd4 Rc8 36. Rc1 Qa5 37. c5 b3 38. c6 Qb5 39. Qd2 Kf7 40. e4 Qb8 41. Rb1 Qe5 42. Rxb3 Qxe4 43. Re3 Qb1+ 44. Re1 Qb8 45. Qh6 Rh8 46. Rc1 Qc7 47. Qe3 Rd8 48. Qe6+ Kf8 49. Rb1 Rd6 50. Qe4 Kf7 51. Rb7 Qd8 52. Qc4 Qc8 53. c7 Rd7 54. d6+ Kg7 55. Rb8 1-0

[Event "ESP-chT Regional U14"]
[Site "Gijon"]
[Date "2021.06.19"]
[Round "5.2"]
[White "Provedo Calvo, Paula"]
[Black "Tornay, Aritz"]
[Result "1/2-1/2"]
[WhiteElo "1209"]
[BlackElo "1481"]
[PlyCount "30"]
[EventDate "2021.06.17"]
[EventType "team-swiss"]
[EventRounds "6"]
[EventCountry "ESP"]
[SourceTitle "EXT 2022"]
[Source "ChessBase"]
[SourceDate "2021.10.06"]
[SourceVersion "1"]
[SourceVersionDate "2021.10.06"]
[SourceQuality "1"]
[WhiteTeam "La Rioja U14"]
[BlackTeam "Pais Vasco U14"]
[WhiteTeamCountry "ESP"]
[BlackTeamCountry "ESP"]

1. e4 c5 2. Nc3 Nc6 3. Nf3 g6 4. Bc4 Bg7 5. d3 e6 6. Bf4 d6 7. Qe2 a6 8. a3 Nge7 9. e5 d5 10. Ba2 0-0 11. 0-0-0 b5 12. h4 b4 13. axb4 cxb4 14. Na4 Qa5 15. Bb3 Bd7 1/2-1/2

[Event "ESP-chT Regional U14"]
[Site "Gijon"]
[Date "2021.06.17"]
[Round "2.2"]
[White "Tornay, Aritz"]
[Black "Gil Rex, Diego"]
[Result "0-1"]
[WhiteElo "1481"]
[BlackElo "1451"]
[PlyCount "48"]
[EventDate "2021.06.17"]
[EventType "team-swiss"]
[EventRounds "6"]
[EventCountry "ESP"]
[SourceTitle "EXT 2022"]
[Source "ChessBase"]
[SourceDate "2021.10.06"]
[SourceVersion "1"]
[SourceVersionDate "2021.10.06"]
[SourceQuality "1"]
[WhiteTeam "Pais Vasco U14"]
[BlackTeam "Murcia U14"]
[WhiteTeamCountry "ESP"]
[BlackTeamCountry "ESP"]

1. c4 e6 2. g3 Nf6 3. Bg2 c5 4. Nf3 Nc6 5. d4 cxd4 6. Nxd4 Bc5 7. Be3 Qb6 8. Nb5 Bxe3 9. fxe3 0-0 10. Qd2 d5 11. cxd5 Nxd5 12. Bxd5 exd5 13. Nd4 Re8 14. Nc3 Be6 15. 0-0-0 Ne5 16. Nxe6 Nc4 17. Nxd5 Qxe6 18. Qd3 Rac8 19. Kb1 Red8 20. e4 Qa6 21. Qb3 Qe6 22. Nf4 Nd2+ 23. Rxd2 Qxe4+ 24. Rd3 Qxh1+ 0-1

[Event "Benidorm Next Generation U12/U14 15th"]
[Site "Benidorm"]
[Date "2019.12.01"]
[Round "6.7"]
[White "Tornay, Aritz"]
[Black "Teply Koutsky, David"]
[Result "1/2-1/2"]
[WhiteElo "1269"]
[BlackElo "1507"]
[PlyCount "116"]
[EventDate "2019.11.29"]
[EventType "swiss"]
[EventRounds "6"]
[EventCountry "ESP"]
[SourceTitle "EXT 2024"]
[Source "ChessBase"]
[SourceDate "2023.10.10"]
[SourceVersion "1"]
[SourceVersionDate "2023.10.10"]
[SourceQuality "1"]

1. c4 e5 2. g3 Nc6 3. Bg2 f5 4. Nc3 Nf6 5. e3 Bc5 6. Nge2 d6 7. 0-0 0-0 8. d4 Bb6 9. a3 a5 10. Rb1 exd4 11. exd4 Ne7 12. Be3 d5 13. c5 Ba7 14. b4 axb4 15. axb4 Bb8 16. b5 c6 17. b6 Ne4 18. f3 Nxc3 19. Nxc3 f4 20. Bf2 fxg3 21. Bxg3 Bxg3 22. hxg3 Nf5 23. Qe1 Nxd4 24. Qf2 Qf6 25. Ne2 Nxe2+ 26. Qxe2 Bf5 27. Rbd1 Rfe8 28. Qd2 Ra3 29. Rfe1 Rxe1+ 30. Rxe1 Bg6 31. Qe2 Ra1 32. Kh2 Rxe1 33. Qxe1 Kf7 34. Bh3 Bf5 35. g4 Bc8 36. Kg3 Qe6 37. Qxe6+ Bxe6 38. Kf4 h5 39. Bf1 hxg4 40. fxg4 Bc8 41. Bh3 Bd7 42. Bf1 Kf6 43. g5+ Ke6 44. Bd3 Kf7 45. Ke5 Ke7 46. Kf4 Bh3 47. Kg3 Bc8 48. Kf4 Bd7 49. Bf1 Be6 50. Bd3 Bd7 51. Bf1 g6 52. Bd3 Be8 53. Bf1 Bf7 54. Bd3 Ke6 55. Bc2 Be8 56. Bd3 Ke7 57. Ke5 Bf7 58. Bc2 Be8 1/2-1/2

[Event "Benidorm Next Generation U12/U14 15th"]
[Site "Benidorm"]
[Date "2019.11.29"]
[Round "1.1"]
[White "Tornay, Aritz"]
[Black "Moll Gener, Joan"]
[Result "0-1"]
[WhiteElo "1269"]
[BlackElo "1999"]
[PlyCount "52"]
[EventDate "2019.11.29"]
[EventType "swiss"]
[EventRounds "6"]
[EventCountry "ESP"]
[SourceTitle "EXT 2024"]
[Source "ChessBase"]
[SourceDate "2023.10.10"]
[SourceVersion "1"]
[SourceVersionDate "2023.10.10"]
[SourceQuality "1"]

1. c4 Nf6 2. g3 g6 3. Bg2 Bg7 4. Nc3 0-0 5. e4 d6 6. Nge2 Nbd7 7. 0-0 e5 8. d3 Nc5 9. h3 h6 10. Be3 Nh7 11. b4 Ne6 12. Qd2 h5 13. Rab1 f5 14. exf5 gxf5 15. f4 h4 16. Rbe1 hxg3 17. Nxg3 Qh4 18. Nce2 Bh6 19. Rf3 exf4 20. Nxf4 Nhg5 21. Ref1 Nxf3+ 22. Rxf3 Ng5 23. Qf2 Nxf3+ 24. Qxf3 Bxf4 25. Bxf4 Be6 26. Be3 f4 0-1

[Event "Hessen-chB"]
[Site "Marburg"]
[Date "2017.??.??"]
[Round "2"]
[White "Tornay, Aritz"]
[Black "Huebner, Kai"]
[Result "0-1"]
[WhiteElo "1206"]
[BlackElo "1658"]
[PlyCount "88"]
[EventDate "2017.05.24"]
[EventType "swiss"]
[EventRounds "7"]
[EventCountry "GER"]
[SourceTitle "EXT 2018"]
[Source "ChessBase"]
[SourceDate "2017.10.13"]
[SourceVersion "1"]
[SourceVersionDate "2017.10.13"]
[SourceQuality "1"]

1. c4 d6 2. Nc3 Nf6 3. g3 Nbd7 4. Bg2 c6 5. e3 e5 6. Nge2 Be7 7. 0-0 Qc7 8. d4 g5 9. e4 h6 10. dxe5 Nxe5 11. h3 Nxc4 12. b3 Ne5 13. f4 Ng6 14. fxg5 hxg5 15. Bxg5 Bxh3 16. Bxf6 Bxf6 17. Rxf6 0-0-0 18. Qf1 Bxg2 19. Kxg2 Rh7 20. Qf5+ Kb8 21. Nf4 Nxf4+ 22. gxf4 Rg8+ 23. Kf3 Rhg7 24. Qh3 Rg3+ 25. Qxg3 Rxg3+ 26. Kxg3 Qb6 27. Re1 Qd4 28. Rxf7 Qxc3+ 29. Kg4 Qxe1 30. f5 Qxe4+ 31. Kg5 d5 32. f6 Qe5+ 33. Kh6 d4 34. Rf8+ Kc7 35. f7 Qf6+ 36. Kh7 d3 37. Kg8 Qg6+ 38. Kh8 Qh6+ 39. Kg8 d2 40. Re8 Qg6+ 41. Kh8 Qxf7 42. Rg8 d1Q 43. Rg7 Qd8+ 44. Kh7 Qh4# 0-1